A VIDEOJÁTÉK PROJEKTEK SIKERESSÉGÉNEK VIZSGÁLATA A KÖZÖSSÉGI FINANSZÍROZÁS VONATKOZÁSÁBAN

Bibliográfiai részletek
Szerző: Szűcs Krisztina
További közreműködők: Komáromi Dr. György
Dokumentumtípus: Diplomadolgozat
Kulcsszavak:Közösségi finanszírozás
Crowdfunding
Videojáték
Kickstarter
Online Access:http://dolgozattar.uni-bge.hu/22007

MARC

LEADER 00000nta a2200000 i 4500
001 dolg22007
005 20190516110625.0
008 190516suuuu hu om 000 hun d
040 |a BGE Dolgozattár Repozitórium  |b hun 
041 |a hu 
100 1 |a Szűcs Krisztina 
245 1 2 |a A VIDEOJÁTÉK PROJEKTEK SIKERESSÉGÉNEK VIZSGÁLATA A KÖZÖSSÉGI FINANSZÍROZÁS VONATKOZÁSÁBAN  |c Szűcs Krisztina  |h [elektronikus dokumentum] 
246 1 1 |a A VIDEOJÁTÉK PROJEKTEK SIKERESSÉGÉNEK VIZSGÁLATA A KÖZÖSSÉGI FINANSZÍROZÁS VONATKOZÁSÁBAN 
246 1 1 |a RESEARCH OF THE SUCCESS OF THE VIDEO GAME PROJECTS IN CROWDFUNDING ASPECTS 
520 3 |a Dolgozatomban feltárom a közösségi finanszírozási forma jellegzetességeit, valamint kutatást végzek annak sikerességére vonatkozóan a videojátékok tekintetében. Kutatásom fő témáját az alábbi kérdések foglalják össze: Mi a videojátékok közösségi finanszírozási projektjeinek sikerének titka? Lehet-e előre jelezni számszerűsíthető adatok alapján, hogy egy projekt sikeres lesz-e vagy sem? Ha igen, mik a siker fő tényezői? 
695 |a Közösségi finanszírozás 
695 |a Crowdfunding 
695 |a Videojáték 
695 |a Kickstarter 
700 1 |a Komáromi Dr. György  |e ths 
856 4 0 |u http://dolgozattar.uni-bge.hu/22007/1/Szakdolgozat.pdf  |z Dokumentum-elérés